[Event "GBR-ch110 Major Open"]
[Site "Hull"]
[Date "2024.07.28"]
[Round "2.8"]
[White "Wills, Thomas"]
[Black "Harborne, Matthew J"]
[Result "1-0"]
[WhiteElo "1927"]
[BlackElo "2103"]
[PlyCount "83"]
[EventDate "2024.07.27"]
[EventType "swiss"]
[EventRounds "9"]
[EventCountry "GBR"]
[SourceTitle "BritBase"]
[Source "John Saunders"]
[SourceDate "2025.02.20"]
[SourceVersion "1"]
[SourceVersionDate "2025.02.20"]
[SourceQuality "1"]

1. e4 c6 2. Nc3 d5 3. Nf3 Bg4 4. h3 Bxf3 5. Qxf3 e6 6. Be2 Bc5 7. O-O Nd7 8. exd5 exd5 9. Re1 Ne7 10. Na4 Bd4 11. c3 Bf6 12. d4 O-O 13. Bd3 Ng6 14. g3 Qa5 15. Bc2 b5 16. b4 Qc7 17. Nc5 Nxc5 18. bxc5 Rfe8 19. Bd2 Rxe1+ 20. Bxe1 Re8 21. Qd3 Qd7 22. h4 Qg4 23. Qf5 Qxf5 24. Bxf5 Ne7 25. Bh3 g6 26. a4 bxa4 27. Rxa4 Nf5 28. Kf1 Re7 29. Ra6 Rc7 30. Bd2 Ne7 31. Ke2 Rb7 32. Kd3 Bg7 33. Bg5 f6 34. Be6+ Kf8 35. Bf4 Ke8 36. Bd6 f5 37. Bxe7 Kxe7 38. Rxc6 Rb2 39. Bxd5 Bh6 40. Rc7+ Kf8 41. Rxa7 Rxf2 42. c6 1-0

[Event "GBR-ch110 Major Open"]
[Site "Hull"]
[Date "2024.07.28"]
[Round "2.9"]
[White "Liu, Jack"]
[Black "Carmichael, Ned"]
[Result "1-0"]
[WhiteElo "2098"]
[BlackElo "1924"]
[PlyCount "87"]
[EventDate "2024.07.27"]
[EventType "swiss"]
[EventRounds "9"]
[EventCountry "GBR"]
[SourceTitle "BritBase"]
[Source "John Saunders"]
[SourceDate "2025.02.20"]
[SourceVersion "1"]
[SourceVersionDate "2025.02.20"]
[SourceQuality "1"]

1. e4 c5 2. Nf3 e6 3. d4 cxd4 4. Nxd4 Nc6 5. Nc3 Qc7 6. Be3 a6 7. g4 b5 8. Nxc6 dxc6 9. Qd2 Be7 10. O-O-O e5 11. f3 Nf6 12. h4 Bb7 13. Qf2 a5 14. Bh3 Bc8 15. Ne2 O-O 16. Ng3 Re8 17. g5 Nd7 18. Nf5 Nf8 19. h5 Ne6 20. Rdg1 Qd8 21. Qg3 Nd4 22. Bxd4 exd4 23. g6 fxg6 24. hxg6 h6 25. Nxe7+ Qxe7 26. Rd1 c5 27. Kb1 Bxh3 28. Qxh3 Qe6 29. Qh5 Qe5 30. Qg4 Rf8 31. Rdf1 Ra6 32. Rh5 Qd6 33. Rg1 d3 34. Rd5 dxc2+ 35. Kxc2 Qc6 36. f4 c4 37. f5 Raa8 38. Rgd1 Rae8 39. e5 Qb6 40. R1d4 Qb8 41. Qe4 Qb6 42. Rd7 Qc5 43. f6 gxf6 44. Qb7 1-0

[Event "GBR-ch110 Major Open"]
[Site "Hull"]
[Date "2024.07.28"]
[Round "2.10"]
[White "Izod, Chris"]
[Black "Chan, Sheng Liang Bernard"]
[Result "0-1"]
[WhiteElo "1924"]
[BlackElo "2096"]
[PlyCount "96"]
[EventDate "2024.07.27"]
[EventType "swiss"]
[EventRounds "9"]
[EventCountry "GBR"]
[SourceTitle "BritBase"]
[Source "John Saunders"]
[SourceDate "2025.02.20"]
[SourceVersion "1"]
[SourceVersionDate "2025.02.20"]
[SourceQuality "1"]

1. d4 Nf6 2. Nf3 d5 3. c4 e6 4. cxd5 exd5 5. Nc3 c6 6. Bg5 Bd6 7. e3 h6 8. Bh4 O-O 9. Qc2 Be6 10. Bd3 Nbd7 11. O-O Re8 12. Rab1 a5 13. Rfe1 Qb8 14. Bf5 Ne4 15. Bxe4 dxe4 16. Nxe4 Bxa2 17. Ra1 Be6 18. Nxd6 Qxd6 19. Bg3 Qb4 20. Rec1 Bd5 21. Nd2 a4 22. e4 Bb3 23. Qc3 Qb5 24. Ra3 Be6 25. Bc7 Ra6 26. Rca1 Rc8 27. Bd6 Nb6 28. Rc1 Rca8 29. Bc5 Nd7 30. f4 f5 31. exf5 Bxf5 32. Nc4 Nxc5 33. Nd6 Ne4 34. Nxb5 Nxc3 35. Nxc3 b5 36. Ne2 b4 37. Raa1 a3 38. bxa3 b3 39. Rab1 Bxb1 40. Rxb1 Rxa3 41. Kf2 Kf7 42. Nc1 Rb8 43. Rb2 Ra1 44. Rxb3 Rxb3 45. Nxb3 Ra2+ 46. Kf1 Ke6 47. Nc5+ Kd5 48. Nd3 Kxd4 0-1

[Event "GBR-ch110 Major Open"]
[Site "Hull"]
[Date "2024.07.28"]
[Round "2.11"]
[White "Pousada Garcia, Daniel"]
[Black "Pelling, Kyle"]
[Result "0-1"]
[WhiteElo "2084"]
[BlackElo "1911"]
[PlyCount "62"]
[EventDate "2024.07.27"]
[EventType "swiss"]
[EventRounds "9"]
[EventCountry "GBR"]
[SourceTitle "BritBase"]
[Source "John Saunders"]
[SourceDate "2025.02.20"]
[SourceVersion "1"]
[SourceVersionDate "2025.02.20"]
[SourceQuality "1"]

1. e4 c6 2. d4 d5 3. exd5 cxd5 4. Bd3 Nc6 5. c3 Qc7 6. Qe2 Nxd4 7. Qe3 Nc6 8. Ne2 Nf6 9. Na3 a6 10. O-O Ng4 11. Qh3 e5 12. Qg3 h5 13. f3 Bc5+ 14. Nd4 Nxd4 15. cxd4 Bxd4+ 16. Kh1 Bf2 17. Rxf2 h4 18. Qxg4 Bxg4 19. fxg4 h3 20. g3 e4 21. Bf1 Rd8 22. Bf4 Qe7 23. Re1 g5 24. Bd2 Rh6 25. Rf5 Re6 26. Nc2 d4 27. Bc4 e3 28. Bb4 Qd7 29. Nxe3 dxe3 30. Bxe6 Qxe6 31. Rf3 Qe4 0-1

[Event "GBR-ch110 Major Open"]
[Site "Hull"]
[Date "2024.07.28"]
[Round "2.12"]
[White "Sefton, Adam"]
[Black "Angst, Oliver"]
[Result "1/2-1/2"]
[WhiteElo "1908"]
[BlackElo "2068"]
[PlyCount "150"]
[EventDate "2024.07.27"]
[EventType "swiss"]
[EventRounds "9"]
[EventCountry "GBR"]
[SourceTitle "BritBase"]
[Source "John Saunders"]
[SourceDate "2025.02.20"]
[SourceVersion "1"]
[SourceVersionDate "2025.02.20"]
[SourceQuality "1"]

1. e4 b6 2. d4 Bb7 3. Nc3 e6 4. Nf3 Bb4 5. Bd3 c5 6. O-O cxd4 7. Nxd4 Nc6 8. Be3 Nf6 9. Nde2 Rc8 10. a3 Bd6 11. h3 Bb8 12. f4 d5 13. e5 Nd7 14. Nd4 Qh4 15. Bb5 O-O 16. Qd2 Nc5 17. Rae1 Ne7 18. b4 Ne4 19. Nxe4 dxe4 20. c4 a6 21. Bd7 Rcd8 22. Ba4 Nf5 23. Nxf5 exf5 24. Qa2 Bc7 25. Bb3 Rd3 26. c5 bxc5 27. Bxc5 Rfd8 28. Bxf7+ Kh8 29. Qf2 Rg3 30. Re3 Rd3 31. Qxg3 Qxg3 32. Rxg3 Rxg3 33. Kh2 Rd3 34. e6 Bd5 35. g3 g5 36. Be7 Rd2+ 37. Rf2 Rxf2+ 38. Kg1 Kg7 39. Kxf2 gxf4 40. gxf4 Bxf4 41. Bc5 Be5 42. a4 f4 43. Bh5 e3+ 44. Kf1 Bxe6 45. Bg4 Bd5 46. Be2 Bb7 47. Bd3 h6 48. b5 a5 49. Ke2 Bc3 50. Bd6 Bc8 51. Bxf4 Bxh3 52. Kxe3 Bg2 53. Be4 Bd2+ 54. Kd3 Bxf4 55. Bxg2 Kf6 56. Ke4 Bg3 57. Kd5 Ke7 58. Kc6 Kd8 59. Bh3 Bf2 60. b6 h5 61. Kb5 Be1 62. Ka6 h4 63. Kb5 Bd2 64. Kc6 Be3 65. Kb7 Bf2 66. Ka6 Be1 67. b7 Bg3 68. Ka7 Ke7 69. Kb6 Kd8 70. Bg2 Bf2+ 71. Ka6 Kc7 72. Kxa5 Kb8 73. Kb5 Ba7 74. Kc4 Bg1 75. Kd3 Ba7 1/2-1/2

[Event "GBR-ch110 Major Open"]
[Site "Hull"]
[Date "2024.07.28"]
[Round "2.13"]
[White "Sasikumar, Srivathsan"]
[Black "Kueh, Audrey"]
[Result "1/2-1/2"]
[WhiteElo "1900"]
[BlackElo "2058"]
[PlyCount "129"]
[EventDate "2024.07.27"]
[EventType "swiss"]
[EventRounds "9"]
[EventCountry "GBR"]
[SourceTitle "BritBase"]
[Source "John Saunders"]
[SourceDate "2025.02.20"]
[SourceVersion "1"]
[SourceVersionDate "2025.02.20"]
[SourceQuality "1"]

1. e4 c6 2. d4 d5 3. exd5 cxd5 4. c4 Nf6 5. Nc3 Nc6 6. Nf3 a6 7. a3 g6 8. c5 Bg7 9. Be2 O-O 10. Bf4 Ne4 11. O-O Nxd4 12. Nxd4 e5 13. Be3 exd4 14. Bxd4 Nxc3 15. bxc3 Be6 16. Bf3 Qd7 17. Bxg7 Kxg7 18. Qd4+ Kg8 19. Rfd1 Qc7 20. Bxd5 Rfd8 21. Qe4 Bxd5 22. Rxd5 Rxd5 23. Qxd5 Rc8 24. Rb1 Qxc5 25. Qxb7 Rc6 26. Rd1 Qxc3 27. h3 Kg7 28. a4 Qc2 29. Qb1 Qxa4 30. Qb2+ Kh6 31. Rd4 Rc4 32. Qd2+ Kg7 33. Rxc4 Qxc4 34. Qb2+ f6 35. Qb7+ Kh6 36. Qb6 f5 37. Qe3+ f4 38. Qe7 f3 39. Qe3+ g5 40. Qb6+ Kg7 41. Qe3 h6 42. Qe7+ Qf7 43. Qe5+ Qf6 44. Qc7+ Kg6 45. Qc2+ Kh5 46. g4+ Kh4 47. Qc7 Qf4 48. Qc6 Kxh3 49. Qxh6+ Kxg4 50. Qxa6 Kh5 51. Qa7 Qe4 52. Kh2 Kh4 53. Qb8 Qf4+ 54. Qxf4+ gxf4 55. Kg1 Kg5 56. Kh2 Kg4 57. Kg1 Kf5 58. Kf1 Kg5 59. Kg1 Kg4 60. Kh2 Kf5 61. Kh3 Ke5 62. Kg4 Ke4 63. Kg5 Kd3 64. Kxf4 Ke2 65. Kg3 1/2-1/2

[Event "GBR-ch110 Major Open"]
[Site "Hull"]
[Date "2024.07.28"]
[Round "2.14"]
[White "Welling, Zac"]
[Black "Cancedda-Dupuis, Livio"]
[Result "0-1"]
[WhiteElo "1887"]
[BlackElo "2041"]
[PlyCount "80"]
[EventDate "2024.07.27"]
[EventType "swiss"]
[EventRounds "9"]
[EventCountry "GBR"]
[SourceTitle "BritBase"]
[Source "John Saunders"]
[SourceDate "2025.02.20"]
[SourceVersion "1"]
[SourceVersionDate "2025.02.20"]
[SourceQuality "1"]

1. e4 c5 2. Nc3 Nc6 3. f4 e6 4. Nf3 d5 5. Bb5 Nf6 6. Bxc6+ bxc6 7. e5 Ng4 8. d3 Be7 9. O-O O-O 10. h3 Nh6 11. b3 Ba6 12. Na4 c4 13. dxc4 dxc4 14. Qxd8 Rfxd8 15. Re1 Nf5 16. Bb2 Bb5 17. g4 Nh4 18. Kf2 Nxf3 19. Kxf3 Rd2 20. Rac1 cxb3 21. axb3 Bh4 22. Re3 c5 23. g5 Bf2 24. Re4 Bc6 25. Bc3 Bxe4+ 26. Kxe4 Rd5 27. Nb2 Bd4 28. Bxd4 Rxd4+ 29. Ke3 Rad8 30. Nd3 c4 31. bxc4 Rxc4 32. Nb2 Rc3+ 33. Ke2 Rxh3 34. Nd3 h5 35. gxh6 gxh6 36. Ra1 Rh2+ 37. Ke3 Rxc2 38. Rg1+ Kh7 39. Nf2 Rg8 40. Ng4 Kh8 0-1

[Event "GBR-ch110 Major Open"]
[Site "Hull"]
[Date "2024.07.28"]
[Round "2.15"]
[White "Honey, Luke"]
[Black "Leung, Hao Ran"]
[Result "1-0"]
[WhiteElo "2041"]
[BlackElo "1910"]
[PlyCount "144"]
[EventDate "2024.07.27"]
[EventType "swiss"]
[EventRounds "9"]
[EventCountry "GBR"]
[SourceTitle "BritBase"]
[Source "John Saunders"]
[SourceDate "2025.02.20"]
[SourceVersion "1"]
[SourceVersionDate "2025.02.20"]
[SourceQuality "1"]

1. e4 c6 2. Nf3 d5 3. exd5 cxd5 4. Ne5 Nc6 5. d4 Nf6 6. Bb5 Bd7 7. Nxd7 Qxd7 8. c3 e6 9. O-O a6 10. Bd3 Be7 11. Nd2 O-O 12. Re1 Bd6 13. Nf3 Qc7 14. Qe2 Rae8 15. Ne5 Nd7 16. f4 f5 17. g4 Ndxe5 18. fxe5 Be7 19. gxf5 exf5 20. Qg2 Qd7 21. Kh1 Kh8 22. Rg1 g6 23. Bh6 Rf7 24. Raf1 Nd8 25. Bc2 Ne6 26. Bb3 Nc7 27. Qh3 Rg8 28. Qf3 b5 29. Rg2 a5 30. a3 Qe6 31. Rfg1 Qd7 32. Bd2 Qd8 33. Qh3 Rfg7 34. Bh6 Rf7 35. Re2 f4 36. Bc2 f3 37. Rf2 Qc8 38. Qg3 Qd8 39. Rxf3 Rxf3 40. Qxf3 Bf8 41. Bg5 Be7 42. Bxe7 Qxe7 43. Rf1 Re8 44. Qf6+ Qg7 45. Qxg7+ Kxg7 46. Kg2 Re6 47. Bb3 Rb6 48. Kg3 h5 49. h4 Kg8 50. Rf4 Kg7 51. Kf2 Rc6 52. Ke3 a4 53. Ba2 Re6 54. Kd2 Rb6 55. Kc2 Ra6 56. Rf2 Rc6 57. b3 axb3+ 58. Kxb3 Ra6 59. Bb1 Rc6 60. Bd3 Ra6 61. Bc2 Rc6 62. Rf3 Ra6 63. Kb4 Rc6 64. Bb3 Ra6 65. a4 bxa4 66. Bxa4 g5 67. hxg5 Rg6 68. Rg3 Kf7 69. Bc2 Rb6+ 70. Kc5 Rb2 71. g6+ Kg7 72. Bf5 h4 1-0

[Event "GBR-ch110 Major Open"]
[Site "Hull"]
[Date "2024.07.28"]
[Round "2.16"]
[White "McCarthy, Damian M"]
[Black "Shaw, Peter"]
[Result "1/2-1/2"]
[WhiteElo "1880"]
[BlackElo "2041"]
[PlyCount "85"]
[EventDate "2024.07.27"]
[EventType "swiss"]
[EventRounds "9"]
[EventCountry "GBR"]
[SourceTitle "BritBase"]
[Source "John Saunders"]
[SourceDate "2025.02.20"]
[SourceVersion "1"]
[SourceVersionDate "2025.02.20"]
[SourceQuality "1"]

1. e4 c6 2. d4 d5 3. e5 Bf5 4. Nf3 e6 5. Be2 c5 6. Be3 Nc6 7. dxc5 Qc7 8. O-O a6 9. c3 Nge7 10. Qa4 Bxb1 11. Raxb1 Ng6 12. Bb5 Rc8 13. Bxc6+ Qxc6 14. Qxc6+ Rxc6 15. b4 Rc8 16. h4 f6 17. exf6 gxf6 18. Rbd1 h5 19. Rfe1 Rh7 20. g3 Rd7 21. Nd4 e5 22. Nb3 Ne7 23. f4 e4 24. Bd4 Kf7 25. a4 Ra8 26. a5 Nc6 27. Bf2 Rad8 28. Nd4 Nxd4 29. Bxd4 f5 30. Be5 Ke6 31. Kf2 Rc8 32. Rd4 Rcd8 33. Red1 Be7 34. R4d2 Bf8 35. Bd4 Rc8 36. Ke3 Be7 37. Kf2 Bf8 38. Be3 Rcc7 39. Ke2 Bg7 40. Bd4 Bf8 41. Be5 Rc8 42. Ke3 Rcd8 43. Bd4 1/2-1/2

[Event "GBR-ch110 Major Open"]
[Site "Hull"]
[Date "2024.07.28"]
[Round "2.17"]
[White "Pert, Max P"]
[Black "Borissow, Magnus"]
[Result "1-0"]
[WhiteElo "2034"]
[BlackElo "1906"]
[PlyCount "113"]
[EventDate "2024.07.27"]
[EventType "swiss"]
[EventRounds "9"]
[EventCountry "GBR"]
[SourceTitle "BritBase"]
[Source "John Saunders"]
[SourceDate "2025.02.20"]
[SourceVersion "1"]
[SourceVersionDate "2025.02.20"]
[SourceQuality "1"]

1. d4 Nf6 2. c4 e6 3. Nf3 b6 4. g3 Bb7 5. Bg2 Be7 6. O-O O-O 7. d5 exd5 8. Nh4 c6 9. cxd5 Nxd5 10. Nf5 Bf6 11. Re1 Ne7 12. Nd6 Nc8 13. Nxb7 Qc7 14. e4 Qxb7 15. e5 Be7 16. Nc3 d5 17. Nxd5 Na6 18. Nc3 Rd8 19. Qg4 Nc5 20. Bh6 Bf8 21. Rad1 Ne7 22. Bg5 Ne6 23. Be3 Nd5 24. Nxd5 cxd5 25. f4 g6 26. f5 Ng7 27. fxg6 hxg6 28. Qf3 Rac8 29. Bg5 Re8 30. Qb3 Qc7 31. Rxd5 Qc2 32. Qxc2 Rxc2 33. Rd2 Rec8 34. Be4 Rxd2 35. Bxd2 Ne6 36. Bc3 Bc5+ 37. Kf1 Bd4 38. Bxd4 Nxd4 39. Rd1 Ne6 40. Ke2 Nc5 41. Bc2 Re8 42. Rd5 Kf8 43. Ke3 Ke7 44. b4 Ne6 45. Ba4 Rd8 46. Rxd8 Nxd8 47. Ke4 Ke6 48. Bb3+ Ke7 49. Kd5 Kd7 50. Ba4+ Kc7 51. Be8 g5 52. h4 g4 53. h5 Ne6 54. Bxf7 Nf4+ 55. Ke4 Ne2 56. Kf5 Nxg3+ 57. Kxg4 1-0

[Event "GBR-ch110 Major Open"]
[Site "Hull"]
[Date "2024.07.28"]
[Round "2.18"]
[White "Cheng, Louis"]
[Black "Crawford, Owen"]
[Result "1-0"]
[WhiteElo "1876"]
[BlackElo "2010"]
[PlyCount "85"]
[EventDate "2024.07.27"]
[EventType "swiss"]
[EventRounds "9"]
[EventCountry "GBR"]
[SourceTitle "BritBase"]
[Source "John Saunders"]
[SourceDate "2025.02.20"]
[SourceVersion "1"]
[SourceVersionDate "2025.02.20"]
[SourceQuality "1"]

1. e4 e5 2. Nf3 Nc6 3. Bc4 Nf6 4. d3 Bc5 5. c3 d6 6. O-O a6 7. a4 Ba7 8. Re1 h6 9. Be3 Bxe3 10. Rxe3 O-O 11. h3 Re8 12. Qb3 Re7 13. a5 b5 14. axb6 cxb6 15. Nbd2 b5 16. Bd5 Nxd5 17. exd5 Nb8 18. d4 Bb7 19. Ne4 f5 20. Nc5 e4 21. Ne6 Qd7 22. Nh4 Rf7 23. Ng6 Qc8 24. Rg3 Nd7 25. Qb4 Nf6 26. Qxd6 Qd7 27. Qe5 Bxd5 28. Nc5 Qd8 29. Qxf5 a5 30. Ne5 Rc7 31. Qg6 Kh8 32. b3 Qe7 33. Qf5 Kg8 34. c4 bxc4 35. bxc4 Bf7 36. Nxe4 Nxe4 37. Qxe4 Rd8 38. Rxa5 Rxc4 39. Qg4 Be6 40. Qg6 Rc1+ 41. Kh2 Rxd4 42. Ra8+ Bc8 43. Nc6 1-0

[Event "GBR-ch110 Major Open"]
[Site "Hull"]
[Date "2024.07.28"]
[Round "2.19"]
[White "Roul, Tushar"]
[Black "Ther, Mate"]
[Result "0-1"]
[WhiteElo "1783"]
[BlackElo "2001"]
[PlyCount "78"]
[EventDate "2024.07.27"]
[EventType "swiss"]
[EventRounds "9"]
[EventCountry "GBR"]
[SourceTitle "BritBase"]
[Source "John Saunders"]
[SourceDate "2025.02.20"]
[SourceVersion "1"]
[SourceVersionDate "2025.02.20"]
[SourceQuality "1"]

1. e4 e5 2. Nf3 Nc6 3. Bb5 a6 4. Ba4 Nf6 5. d3 d6 6. c3 Be7 7. O-O O-O 8. Nbd2 Nd7 9. d4 exd4 10. cxd4 Nb6 11. Bc2 Bf6 12. e5 dxe5 13. dxe5 Nxe5 14. Nxe5 Bxe5 15. Bxh7+ Kxh7 16. Qh5+ Kg8 17. Qxe5 Re8 18. Qg3 c6 19. Nf3 Nd5 20. Bg5 f6 21. Bh6 Qc7 22. Qxc7 Nxc7 23. Be3 Nd5 24. Rfe1 Bg4 25. Nd2 Nb4 26. Rec1 Nd3 27. Rc3 Nxb2 28. Rb3 Nd1 29. Rxb7 Nxe3 30. fxe3 Rxe3 31. Rc1 Re2 32. Nb3 Rd8 33. h3 Be6 34. Nc5 Bd5 35. Rd7 Rxd7 36. Nxd7 Rxg2+ 37. Kf1 Rxa2 38. Rc3 a5 39. Nb6 a4 0-1

[Event "GBR-ch110 Major Open"]
[Site "Hull"]
[Date "2024.07.28"]
[Round "2.20"]
[White "Yu, Rock"]
[Black "Brencher, Paul"]
[Result "1-0"]
[WhiteElo "2001"]
[BlackElo "1899"]
[PlyCount "89"]
[EventDate "2024.07.27"]
[EventType "swiss"]
[EventRounds "9"]
[EventCountry "GBR"]
[SourceTitle "BritBase"]
[Source "John Saunders"]
[SourceDate "2025.02.20"]
[SourceVersion "1"]
[SourceVersionDate "2025.02.20"]
[SourceQuality "1"]

1. c4 e5 2. Nc3 Nf6 3. g3 Bb4 4. Bg2 O-O 5. Nf3 Nc6 6. O-O e4 7. Ne1 Bxc3 8. dxc3 h6 9. Qc2 Re8 10. c5 b6 11. cxb6 cxb6 12. Bf4 d5 13. f3 Qe7 14. fxe4 dxe4 15. Rd1 Bb7 16. Bh3 Rad8 17. Ng2 g5 18. Rxd8 Rxd8 19. Be3 g4 20. Nh4 gxh3 21. Nf5 Qe6 22. Nxh6+ Kh7 23. Bg5 Ne5 24. Rxf6 Qd5 25. Bf4 Kg7 26. Bxe5 Qxe5 27. Ng4 Qc5+ 28. Kf1 Ba6 29. Rf4 e3 30. c4 Rd2 31. Qc3+ Kf8 32. Nxe3 Qd6 33. Nd5 Rxd5 34. cxd5 Qxd5 35. Qa3+ Ke8 36. Qxa6 Qh1+ 37. Kf2 Qxh2+ 38. Kf3 Qg2+ 39. Kg4 h2 40. Qc8+ Ke7 41. Qc7+ Ke6 42. Qxf7+ Kd6 43. Rd4+ Kc6 44. Qc4+ Kb7 45. Rd7+ 1-0

[Event "GBR-ch110 Major Open"]
[Site "Hull"]
[Date "2024.07.28"]
[Round "2.21"]
[White "Bharat Kumar, Balahari"]
[Black "Lewis, Christopher D"]
[Result "1-0"]
[WhiteElo "1989"]
[BlackElo "1885"]
[PlyCount "87"]
[EventDate "2024.07.27"]
[EventType "swiss"]
[EventRounds "9"]
[EventCountry "GBR"]
[SourceTitle "BritBase"]
[Source "John Saunders"]
[SourceDate "2025.02.20"]
[SourceVersion "1"]
[SourceVersionDate "2025.02.20"]
[SourceQuality "1"]

1. d4 d5 2. c4 c6 3. Nf3 e6 4. e3 Nf6 5. Nc3 Be7 6. Be2 O-O 7. O-O Nbd7 8. Qc2 h6 9. Rd1 dxc4 10. Bxc4 b5 11. Bd3 b4 12. Na4 c5 13. dxc5 Qc7 14. Bd2 Bb7 15. e4 a5 16. Rac1 Rac8 17. h3 Nxc5 18. Be3 Nfxe4 19. Bxe4 Bxe4 20. Qc4 Bd5 21. Rxd5 exd5 22. Qb5 Qd7 23. Rxc5 Qf5 24. Rxd5 Qb1+ 25. Qf1 Qxa2 26. Qd1 Rfd8 27. b3 Rxd5 28. Qxd5 Rd8 29. Qc4 Rd1+ 30. Kh2 Bd6+ 31. g3 Qb1 32. Nb6 Rh1+ 33. Kg2 h5 34. h4 Be7 35. Nd7 Kh7 36. Nde5 a4 37. Nxf7 a3 38. N7g5+ Kh6 39. Qe6+ Bf6 40. Ne4+ Kh7 41. Nfg5+ Kg6 42. Qe8+ Kf5 43. Nd6+ Kg4 44. f3# 1-0

[Event "GBR-ch110 Major Open"]
[Site "Hull"]
[Date "2024.07.28"]
[Round "2.22"]
[White "Mittal, Aditya"]
[Black "Kovalskyi, Roman"]
[Result "0-1"]
[WhiteElo "1768"]
[BlackElo "1989"]
[PlyCount "120"]
[EventDate "2024.07.27"]
[EventType "swiss"]
[EventRounds "9"]
[EventCountry "GBR"]
[SourceTitle "BritBase"]
[Source "John Saunders"]
[SourceDate "2025.02.20"]
[SourceVersion "1"]
[SourceVersionDate "2025.02.20"]
[SourceQuality "1"]

1. e4 c5 2. c3 d5 3. exd5 Qxd5 4. d4 g6 5. Nf3 Bg7 6. dxc5 Qxc5 7. Be3 Qa5 8. Nbd2 Nf6 9. Nc4 Qc7 10. h3 Be6 11. Qa4+ Nc6 12. Be2 O-O 13. O-O Nd5 14. Rfe1 a6 15. Qc2 b5 16. Ncd2 Ncb4 17. Qc1 Nxe3 18. fxe3 Nd5 19. Nf1 Rac8 20. Nd4 Bd7 21. Bf3 Nb6 22. Qd2 Nc4 23. Qf2 e5 24. Nb3 a5 25. Rab1 Be6 26. Rbd1 a4 27. Nc1 a3 28. Nd3 axb2 29. Nxb2 e4 30. Nxc4 Qxc4 31. Be2 Qa4 32. Rb1 Bxc3 33. Rec1 b4 34. Bg4 f5 35. Bd1 Qxa2 36. Qxa2 Bxa2 37. Bb3+ Bxb3 38. Rxb3 f4 39. Kh1 f3 40. Ng3 Be5 41. Rxc8 Rxc8 42. Nf1 fxg2+ 43. Kxg2 Rc2+ 44. Kg1 Bd6 45. Rb1 Kf7 46. Rd1 Bc5 47. Rd7+ Ke6 48. Rb7 Bd6 49. Rb5 h6 50. Kh1 Kd7 51. Rd5 Kc6 52. Rd1 b3 53. Rb1 b2 54. Kg1 Be5 55. h4 Rc1 56. Rxb2 Bxb2 57. h5 gxh5 58. Kf2 Be5 59. Nd2 Rc2 60. Ke1 Bc3 0-1

[Event "GBR-ch110 Major Open"]
[Site "Hull"]
[Date "2024.07.28"]
[Round "2.23"]
[White "Vaidyanathan, Adithya"]
[Black "Garnett, John S"]
[Result "1/2-1/2"]
[WhiteElo "1985"]
[BlackElo "1879"]
[PlyCount "125"]
[EventDate "2024.07.27"]
[EventType "swiss"]
[EventRounds "9"]
[EventCountry "GBR"]
[SourceTitle "BritBase"]
[Source "John Saunders"]
[SourceDate "2025.02.20"]
[SourceVersion "1"]
[SourceVersionDate "2025.02.20"]
[SourceQuality "1"]

1. Nf3 Nf6 2. d4 c5 3. d5 d6 4. c4 b5 5. cxb5 a6 6. bxa6 g6 7. Nc3 Bxa6 8. e4 Bxf1 9. Kxf1 Bg7 10. g3 O-O 11. Kg2 Na6 12. Re1 Qb6 13. Nd2 Nc7 14. h3 Rfb8 15. Re3 Nd7 16. b3 Bd4 17. Rf3 Ne5 18. Nc4 Qb4 19. Nxe5 Bxe5 20. Qc2 Nb5 21. a3 Nxa3 22. Bxa3 Rxa3 23. Rxa3 Qxa3 24. Nb1 Qb2 25. Qxb2 Bxb2 26. Nd2 f6 27. Nc4 Bd4 28. Na5 Bb2 29. Nc6 Re8 30. Rd3 Kf7 31. Rd2 Bc3 32. Rc2 Ba1 33. Ra2 Bc3 34. Ra7 f5 35. f3 Kf6 36. Kf2 h5 37. Ke3 e6 38. Rd7 exd5 39. Rxd6+ Re6 40. Rxe6+ Kxe6 41. exd5+ Kd6 42. Kd3 Be1 43. g4 fxg4 44. fxg4 hxg4 45. hxg4 Kxd5 46. Ne7+ Ke6 47. Nxg6 Kf6 48. Nf4 Kg5 49. Ng2 Ba5 50. Ne3 Kf4 51. Nd5+ Kxg4 52. Kc4 Kf5 53. Kxc5 Ke6 54. Nb6 Be1 55. Kc6 Ke5 56. Kc5 Bf2+ 57. Kc6 Be1 58. Nc4+ Kd4 59. Kb5 Kc3 60. b4 Kb3 61. Na5+ Ka3 62. Nc6 Bxb4 63. Nxb4 1/2-1/2

[Event "GBR-ch110 Major Open"]
[Site "Hull"]
[Date "2024.07.28"]
[Round "2.24"]
[White "Pert, Nina P"]
[Black "Patton, Zachary"]
[Result "1-0"]
[WhiteElo "1966"]
[BlackElo "1871"]
[PlyCount "137"]
[EventDate "2024.07.27"]
[EventType "swiss"]
[EventRounds "9"]
[EventCountry "GBR"]
[SourceTitle "BritBase"]
[Source "John Saunders"]
[SourceDate "2025.02.20"]
[SourceVersion "1"]
[SourceVersionDate "2025.02.20"]
[SourceQuality "1"]

1. e4 c6 2. c4 d5 3. exd5 cxd5 4. cxd5 Nf6 5. Nc3 Nxd5 6. Nf3 e6 7. Bc4 Nxc3 8. bxc3 Bd6 9. d4 O-O 10. Qd3 Nd7 11. O-O b6 12. Qe4 Rb8 13. Bd3 g6 14. Bg5 Be7 15. h4 Bb7 16. Qe3 Bxf3 17. gxf3 Nf6 18. c4 Rc8 19. Rfe1 Re8 20. Rac1 Nh5 21. Be4 Bxg5 22. hxg5 e5 23. dxe5 Rxe5 24. f4 Ra5 25. Bb7 Rb8 26. Bd5 Qd6 27. f5 gxf5 28. Rcd1 Qg6 29. Re2 Rc5 30. Kf1 Rcc8 31. Rde1 Ng7 32. Qe7 a5 33. Qa7 Re8 34. Re7 Ne6 35. Bxe6 fxe6 36. R1xe6 Qh5 37. Rg7+ Kh8 38. Rxh7+ Qxh7 39. Rh6 Qxh6 40. gxh6 Rg8 41. Qe7 Rbe8 42. Qf6+ Kh7 43. Qxb6 Rg6 44. Qxa5 Kxh6 45. Qxf5 Ree6 46. a4 Kg7 47. Qb5 Kh6 48. f4 Rgf6 49. Qg5+ Kh7 50. Kf2 Ra6 51. a5 Rg6 52. Qb5 Kg7 53. Kf3 Kf7 54. f5 Rgf6 55. Kf4 Rfc6 56. Ke5 Ke7 57. Qd5 Rh6 58. Qb7+ Kd8 59. Qb8+ Kd7 60. Qb4 Kd8 61. Qf8+ Kd7 62. c5 Rac6 63. Kd5 Ra6 64. Kc4 Kc7 65. Kb5 Rac6 66. Qa8 Rhf6 67. a6 Rxa6 68. Qxa6 Rxf5 69. Qd6+ 1-0

[Event "GBR-ch110 Major Open"]
[Site "Hull"]
[Date "2024.07.28"]
[Round "2.26"]
[White "Qin, Charlie"]
[Black "Britton, Richard"]
[Result "1/2-1/2"]
[WhiteElo "1416"]
[BlackElo "2112"]
[PlyCount "102"]
[EventDate "2024.07.27"]
[EventType "swiss"]
[EventRounds "9"]
[EventCountry "GBR"]
[SourceTitle "BritBase"]
[Source "John Saunders"]
[SourceDate "2025.02.20"]
[SourceVersion "1"]
[SourceVersionDate "2025.02.20"]
[SourceQuality "1"]

1. e4 c5 2. Nf3 d6 3. Bc4 e6 4. c3 Nf6 5. d3 Be7 6. Be3 O-O 7. Bb3 Nc6 8. O-O Qc7 9. Nbd2 b6 10. Rc1 Ba6 11. Bc4 Bxc4 12. Nxc4 d5 13. exd5 exd5 14. Na3 Rad8 15. b3 Ng4 16. d4 Nxe3 17. fxe3 Qd7 18. Nc2 Bf6 19. Re1 Rfe8 20. Qd2 Re4 21. Rcd1 g6 22. dxc5 bxc5 23. c4 d4 24. Qd3 Qf5 25. Nd2 Re5 26. Qxf5 Rxf5 27. Ne4 Bg7 28. exd4 Nxd4 29. Ne3 Re5 30. Nd5 Kf8 31. Nxc5 Rxe1+ 32. Rxe1 Nf3+ 33. gxf3 Bd4+ 34. Kg2 Bxc5 35. b4 Bd6 36. a3 a5 37. c5 Bxc5 38. bxc5 Rxd5 39. Rc1 Ke7 40. Kf2 Rd3 41. c6 Kd8 42. a4 Rd4 43. Rb1 Kc7 44. Rb7+ Kxc6 45. Rxf7 Rxa4 46. Rxh7 Rd4 47. Ke3 Rd6 48. f4 a4 49. h4 Kb6 50. Rh8 Kb5 51. h5 a3 1/2-1/2